| 000 | 00419nam a22001697a 4500 | ||
|---|---|---|---|
| 003 | MPLRDC | ||
| 005 | 20220104164311.0 | ||
| 008 | 210129b ||||| |||| 00| 0 eng d | ||
| 082 | _a490.8 MB v.12 | ||
| 100 | _aJOHN D. MCLELLAN | ||
| 245 |
_aPRODUCTION DECISIONS AND CONTROLS _c |
||
| 260 |
_a _bALEXANDER HAMILTON I _c1977 |
||
| 300 | _b精 | ||
| 490 | _aMODERN BUSINESS | ||
| 650 | _a | ||
| 942 |
_cBK _o490.8 MB v.12 |
||
| 999 |
_c56892 _d56882 |
||